Artificial intelligence (Record no. 116038)
[ view plain ]
| 000 -LEADER | |
|---|---|
| fixed length control field | 01685cam a22003255a 4500 |
| 001 - CONTROL NUMBER | |
| control field | L159601 |
| 008 - FIXED-LENGTH DATA ELEMENTS--GENERAL INFORMATION | |
| fixed length control field | 170725s2017 xxk f 000 0 eng d |
| 035 ## - SYSTEM CONTROL NUMBER | |
| System control number | (Sirsi) u159601 |
| 041 0# - LANGUAGE CODE | |
| Language code of text/sound track or separate title | eng |
| 110 2# - MAIN ENTRY--CORPORATE NAME | |
| Corporate name or jurisdiction name as entry element | Royal Institution of Chartered Surveyors |
| 9 (RLIN) | 4900 |
| 245 00 - TITLE STATEMENT | |
| Title | Artificial intelligence |
| Remainder of title | what it means for the built environment |
| Medium | [archived] |
| 260 ## - PUBLICATION, DISTRIBUTION, ETC. | |
| Place of publication, distribution, etc. | London |
| Name of publisher, distributor, etc. | RICS |
| Date of publication, distribution, etc. | 2017 |
| 300 ## - PHYSICAL DESCRIPTION | |
| Extent | 27p. |
| 490 #0 - SERIES STATEMENT | |
| Series statement | RICS Insight |
| 490 #0 - SERIES STATEMENT | |
| Series statement | RICS Research |
| 500 ## - GENERAL NOTE | |
| General note | Archived in September 2023 as whilst some concepts were still relevant, technology and the market had changed in the years since published. |
| 520 ## - SUMMARY, ETC. | |
| Summary, etc. | Explores the impact of using artificial intelligence (AI) in the built environment, and the urgent need for industry professionals to understand how it will influence their role, as the future will rely less on human labour and more on technology. The paper highlights facilities management (FM) as facing a significant impact of AI, due to the labour-intensive and repetitive nature of many FM jobs, making it an ideal place for automation of previously human-dominated tasks. However, the report weighs up the positives and negatives of such changes and how companies should deal with them. |
| 590 ## - LOCAL NOTE (RLIN) | |
| Local note | NTK |
| 650 24 - SUBJECT ADDED ENTRY--TOPICAL TERM | |
| Topical term or geographic name entry element | IT |
| 650 24 - SUBJECT ADDED ENTRY--TOPICAL TERM | |
| Topical term or geographic name entry element | ARTIFICIAL INTELLIGENCE |
| 650 24 - SUBJECT ADDED ENTRY--TOPICAL TERM | |
| Topical term or geographic name entry element | BUILT ENVIRONMENT |
| 650 24 - SUBJECT ADDED ENTRY--TOPICAL TERM | |
| Topical term or geographic name entry element | DISRUPTIVE TECHONOLOGY |
| 650 24 - SUBJECT ADDED ENTRY--TOPICAL TERM | |
| Topical term or geographic name entry element | Facilities management |
| 9 (RLIN) | 6240 |
| 651 ## - SUBJECT ADDED ENTRY--GEOGRAPHIC NAME | |
| Geographic name | United Kingdom |
| 700 1# - ADDED ENTRY--PERSONAL NAME | |
| Personal name | Hoar, Chris |
| 700 1# - ADDED ENTRY--PERSONAL NAME | |
| Personal name | Atkin, Brian |
| 700 1# - ADDED ENTRY--PERSONAL NAME | |
| Personal name | King, Katie |
| 856 40 - ELECTRONIC LOCATION AND ACCESS | |
| Uniform Resource Identifier | <a href="https://www.rics.org/profession-standards/knowledge-and-information-services">https://www.rics.org/profession-standards/knowledge-and-information-services</a> |
| Public note | Email [email protected] for a copy |
| 942 ## - ADDED ENTRY ELEMENTS (KOHA) | |
| Suppress in OPAC | 0 |
| Source of classification or shelving scheme | Dewey Decimal Classification |
| Withdrawn status | Lost status | Source of classification or shelving scheme | Damaged status | Not for loan | Home library | Current library | Shelving location | Date acquired | Total Checkouts | Full call number | Barcode | Date last seen | Copy number | Price effective from | Koha item type |
|---|---|---|---|---|---|---|---|---|---|---|---|---|---|---|---|
| Dewey Decimal Classification | Virtual | Virtual | Online | 18/10/2017 | SCAN | 159601-2001 | 27/09/2023 | 1 | 06/08/2019 | Online material |